| 000 | 00933cam a22003011a 4500 | ||
|---|---|---|---|
| 001 | 72420 | ||
| 003 | BD-RjUL | ||
| 005 | 20211209082247.0 | ||
| 008 | 190304s1949 nyua b 000 0 eng | ||
| 035 | _a(BD-RjUL) | ||
| 035 | _a2250542 | ||
| 040 |
_aLC _beng _cLC _dXNTU |
||
| 041 | _aeng | ||
| 082 | 0 | 4 |
_a547 _223 _bWHA 1949 |
| 100 | 1 |
_aWheland, George Willard, _d1907- _9228948 |
|
| 245 | 1 | 0 | _aAdvanced organic chemistry. |
| 250 | _a2d ed. | ||
| 260 |
_aNew York, _bJ. Wiley _c1949[1954] |
||
| 300 |
_axi, 799 p. : _bdiagrs ; _c24 cm. |
||
| 500 | _a"Chapters 1-10 copyrighted as Syllabus for advanced organic chemistry 321 ... 1946. Chapters 12-15 copyrighted as Syllabus for advanced organic chemistry 322 ... 1948." | ||
| 504 | _aBibliographical footnotes. | ||
| 650 | 0 |
_aChemistry, Organic. _9228949 |
|
| 942 |
_2ddc _cBK |
||
| 999 |
_c72420 _d72420 |
||